| 000 | 00751cam a22002297a 4500 | ||
|---|---|---|---|
| 001 | 1270 | ||
| 003 | BD-RjUL | ||
| 005 | 20211208233314.0 | ||
| 008 | 131125s1958 inu 000 0 eng d | ||
| 035 | _a(BD-RjUL)1292 | ||
| 040 |
_aDLC _cDLC _beng _dBD-RjUL |
||
| 041 | _aeng | ||
| 082 |
_219 _a111.85 _bBUP 1958 |
||
| 100 | 1 |
_aBurke, Edmund, _d1729-1797. _93751 |
|
| 245 | 1 | 2 |
_aA philosophical enquiry into the origin of our ideas of the sublime and beautiful / _cEdmund Burke ; edited with an introduction and notes by James T. Boulton. |
| 260 |
_aLondon : _bRoutledge and Kegan Paul, _cc1958. |
||
| 300 |
_acxxx, 197 p. ; _c21 cm. |
||
| 650 | 7 |
_2SLSH. _aSublime, The. _93752 |
|
| 942 |
_2ddc _cBK |
||
| 999 |
_c1270 _d1270 |
||